000 00457nam a22001817a 4500
003 LK-CoDNM
005 20250116112522.0
008 250116b |||||||| |||| 00| 0 eng d
040 _aLK-CoDNM
_dLK-CoDNM
_eLK-CoDNM
041 _aeng
080 _a10
_bE34
100 _aConrad V.
245 _aFundamentals Of Physical Climatology
260 _aCambridge
_bUniversity Press
300 _avii, 121p. : map ; 21 cm
650 _aScience
942 _cBK
999 _c236458
_d236458